Direito civil / (Record no. 536)

MARC details
000 -LÍDER
Campo Fixo de Controle 00883nam a2200277 a 4500
001 - NÚMERO DE CONTROLE
Campo de Controle 536
003 - IDENTIFICAÇÃO DO NÚMERO DE CONTROLE
Campo de Controle BR-CuiBMT
005 - DATA E HORA DA ÚLTIMA ATUALIZAÇÃO
Campo de Controle 20231129060500.0
008 - DADOS FIXOS
Dados Fixos 231108s2006 spba 001 0 por d
020 ## - INTERNATIONAL STANDARD BOOK NUMBER
Nº do ISBN 852244254
040 ## - AGÊNCIA CATALOGADORA
Código da Agência Catalogadora BR-CuiBMT
Agência que transcreveu o registro BR-CuiBMT
080 ## - Nº DA CLASSIFICAÇÃO DECIMAL UNIVERSAL
Nº edição CDU 2007
Nº Class. CDU 347
090 ## - NÚMERO DE CHAMADA
Nº classificação 347
Cutter V464d
Ano/Edição 6. ed.
100 1# - ENTRADA PRINCIPAL -- AUTOR PESSOAL
Nome pessoal Venosa, Sílvio de Salvo,
Datas associadas ao nome 1945-
245 10 - TÍTULO PRINCIPAL
Título principal Direito civil /
Indicação de responsabilidade Sílvio de Salvo Venosa.
250 ## - EDIÇÃO
Edição 6. ed.
260 ## - PUBLICAÇÃO, DISTRIBUIÇÃO, ETC.
Local de publicação São Paulo :
Editora Atlas,
Data 2006.
300 ## - DESCRIÇÃO FÍSICA
N. páginas ou volumes 7 v. :
Ilustrações il. ;
Dimensões 25 cm
490 1# - INDICAÇÃO DE SÉRIE
Título da série Coleção direito civil
504 ## - NOTA DE BIBLIOGRAFIA, ETC.
Nota de bibliografia Inclui bibliografia e índice.
505 1# - NOTA DE CONTEÚDO
Nota de conteúdo v. 1. Parte geral -- v. 2. Teoria geral das obrigações e teoria geral dos contratos -- v. 3. Contratos em espécie
590 ## - NOTA LOCAL
Nota local A Biblioteca possui somente os volumes 1, 2 e 3.
650 ## - ASSUNTO TÓPICO
Cabeçalho tópico ou nome geográfico Direito civil
Subdivisão geográfica Brasil
830 #0 - ENTRADA SECUNDÁRIA DE SÉRIE -- TÍTULO UNIFORME
Título uniforme Direito civil
942 ## - ELEMENTOS DE ENTRADA ADICIONAIS (KOHA)
Fonte de classificação ou esquema de arquivamento Classificação Decimal Universal
Tipo de item do Koha Livros
Holdings
Estado: removido Estado: perdido Fonte de classificação ou esquema de arquivamento Estado: danificado Indisponível para empréstimo Localização permanente Localização atual Data de aquisição Numeração serial ou cronológica (Volume) Total Checkouts Número de Chamada completo Código de barras Date last seen Número do exemplar Preço efetivo a partir de Tipo de item (Koha)
    Classificação Decimal Universal     Biblioteca da Escola Superior de Contas do TCE/MT Biblioteca da Escola Superior de Contas do TCE/MT 08/11/2023 v. 1   347 V464d 6. ed. BIBTCEMT23110311 08/11/2023 Ex. 1 08/11/2023 Livros
    Classificação Decimal Universal     Biblioteca da Escola Superior de Contas do TCE/MT Biblioteca da Escola Superior de Contas do TCE/MT 08/11/2023 v. 2   347 V464d 6. ed. BIBTCEMT23110312 08/11/2023 Ex. 1 08/11/2023 Livros
    Classificação Decimal Universal     Biblioteca da Escola Superior de Contas do TCE/MT Biblioteca da Escola Superior de Contas do TCE/MT 08/11/2023 v. 3   347 V464d 6. ed. BIBTCEMT23110313 08/11/2023 Ex. 1 08/11/2023 Livros

Powered by Koha